| 000 | | | 03788nac2a22002413x 450 |
| 001 | | | b4134b79-2bf8-496a-9de5-b867a7638418 |
| 005 | | | 20190121203231.0 |
| 100 | ## | $a | 20181229l 1919k y0rusy50 ca |
| 101 | 0# | $a | rus |
| 102 | ## | $a | RU |
| 105 | ## | $a | y z |||e| |
| 200 | 1# | $a | Правила по охране труда и страхованию рабочих, переписка с министерством труда о разрешении созывов профессиональных съездов и др. Постановление Временного правительства о местных комиссарах министерства труда |
| | $j | 19 октября 1918 - 27 июня 1919 |
| 215 | ## | $a | 36 листов |
| 251 | ## | $c | Дело |
| 300 | ## | $a | Часть текста рукописная и машинописная, часть - напечатана типографским способом |
| 300 | ## | $a | На папке дела: Август 1918 г. - 27 июня 1919 г. |
| 461 | #0 | $1 | 0010f0e3429-2e37-4fb4-ace0-6332d350a692 |
| | $1 | 2001 |
| | $a | Министерство внутренних дел Российского правительства. Омск |
| | $1 | 251 |
| | $c | Фонд |
| | $1 | 852 |
| | $j | 1700 |
| | $g | Р |
| 462 | #0 | $1 | 001c9fb14fb-9a60-4dc0-bd7d-6b3b0819c0c0 |
| | $1 | 2001 |
| | $a | Дела канцелярии министра. 1918-1919 гг. |
| | $v | Д. 20 |
| | $1 | 251 |
| | $c | Опись |
| | $1 | 852 |
| | $j | 1 |
| 601 | 02 | $3 | RU\NLR\AUTH\8810247804 |
| | $a | Временное Сибирское правительство |
| | $b | Министерство внутренних дел |
| 601 | 02 | $a | Министерство труда |
| 801 | #0 | $a | RU |
| | $b | GA_RF |
| 801 | #1 | $a | RU |
| | $b | ГлавНИВЦ |
| | $c | 20181229 |
| | $2 | rusmarc |
| 801 | #2 | $a | RU |
| | $b | ПБ им. Б.Н. Ельцина |
| | $c | 20190121 |
| | $g | RCR |
| | $2 | rusmarc |
| 852 | ## | $a | ГА РФ |
| | $j | 20 |
| 937 | ## | $d | 123536299 |
| | $h | ПБ |
| 035 | ## | $a | RuPRLIB51054293 |
| 856 | ## | $u | http://readingroom.main.prlib.ru/item.aspx?id_node=n123536299&mode=full |